| 000 | 00345nam a2200133 4500 | ||
|---|---|---|---|
| 001 | 13958 | ||
| 005 | 20251204113030.0 | ||
| 010 | _a9782021616828 | ||
| 090 | _a13958 | ||
| 099 | _o0 | ||
| 100 | _a20251204d u||y0frey50 ba | ||
| 200 |
_aSur cette terre, il y a ce qui mérite la vie _bLIVR _e17 écrivains pour la Palestine |
||
| 214 | _cSeuil | ||
| 700 | _aCollectif | ||